000 00476nam a2200205Ia 4500
005 20240823023406.0
008 240823s9999||||xx |||||||||||||| ||und||
020 _a019565324-6
041 _aENGLISH
082 _A923.25 P3
100 _aGopal Singh
245 0 _aJawaharlal Nehru
250 _a1st
260 _c2003
_bOxford University
_aNew Delhi
500 _aYES
650 _aHistory
_bGeneral
700 _a Uma Iyengar Ed.
942 _cBK
999 _c181428
_d181428